000 00467nam a22001817a 4500
003 CEME
005 20210628204146.0
008 210112b xxu||||| |||| 00| 0 eng d
020 _a9780070482920
040 _cceme
082 _a006.32 KUM
100 _aKumar, Satish
_969016
245 _aNeural networks , a classroom approach
260 _aNEW DELHI
_bTATA MCGRAW HILL
_c2011
300 _aXXII, 736P
650 _aNEURAL NETWORKS.
_958055
942 _cBK
_2ddc
999 _c576442
_d576442